[Event "MCRE_PF17"]
[Site "?"]
[Date "2004.??.??"]
[Round "?"]
[White "Jarabinsky, Martin"]
[Black "Nigrin, Jiri"]
[Result "1-0"]
[WhiteElo "2127"]
[BlackElo "2104"]
[PlyCount "81"]
[EventDate "2004.??.??"]
[EventType "corr"]
[EventRounds "2"]
[SourceDate "2005.03.12"]

1. d4 Nf6 2. c4 g6 3. Nc3 d5 4. Nf3 Bg7 5. Qb3 dxc4 6. Qxc4 O-O 7. Bf4 c6 8. e4
Nbd7 9. Be2 Nb6 10. Qc5 Be6 11. O-O Nfd7 12. Qg5 Bc4 13. Bxc4 Nxc4 14. b3 Nd6
15. Rfd1 h6 16. Qh4 Nf6 17. e5 Nf5 18. Qh3 Nd5 19. Nxd5 Qxd5 20. g4 g5 21. Bxg5
hxg5 22. gxf5 f6 23. Re1 e6 24. Qh5 exf5 25. Rad1 Rf7 26. exf6 Bxf6 27. Ne5 Rg7
28. Qh6 Qd8 29. Rd2 Bxe5 30. Rxe5 Qd7 31. d5 Rf8 32. d6 Rh7 33. Qg6+ Rg7 34.
Qh5 g4 35. Qh6 a6 36. Rde2 Qf7 37. Re7 Qg6 38. Qxg6 Rxg6 39. d7 Rd6 40. h3 g3
41. R2e3 1-0

[Event "MCRE_PF17"]
[Site "?"]
[Date "2004.??.??"]
[Round "?"]
[White "Mezera, Lukas"]
[Black "Struzka, Vlastimil"]
[Result "1-0"]
[WhiteElo "2258"]
[BlackElo "2128"]
[PlyCount "57"]
[EventDate "2004.??.??"]
[EventType "corr"]
[EventRounds "2"]
[SourceDate "2005.03.12"]

1. e4 d6 2. d4 Nf6 3. Nc3 g6 4. Bg5 Bg7 5. Qd2 h6 6. Be3 Ng4 7. Bf4 e5 8. dxe5
Nxe5 9. O-O-O Be6 10. h3 Nbc6 11. Nd5 Nd3+ 12. Bxd3 Ne5 13. Be2 c6 14. Nc3 Qc7
15. Qxd6 Qxd6 16. Rxd6 Ke7 17. Rd1 Rad8 18. Bd2 Rd7 19. f4 Nc4 20. Bxc4 Bxc4
21. Nf3 Rhd8 22. g4 Kf8 23. Rhe1 b6 24. e5 Be6 25. Nh4 h5 26. f5 gxf5 27. Bg5
Rxd1+ 28. Nxd1 Rd5 29. gxf5 1-0

[Event "MCRE_PF17"]
[Site "?"]
[Date "2004.??.??"]
[Round "?"]
[White "Kubikova, Hana"]
[Black "Mikoska, Josef"]
[Result "1-0"]
[WhiteElo "2160"]
[BlackElo "2111"]
[PlyCount "71"]
[EventDate "2004.??.??"]
[EventType "corr"]
[EventRounds "2"]
[SourceDate "2005.03.12"]

1. d4 Nf6 2. Nf3 c5 3. d5 b5 4. Bg5 Qb6 5. a4 b4 6. a5 Qd6 7. Bxf6 Qxf6 8. c3
g6 9. Nbd2 Bg7 10. e3 bxc3 11. Ne4 Qf5 12. Nxc3 d6 13. Bd3 Qd7 14. O-O O-O 15.
Bb5 Qc7 16. Qa4 a6 17. Bc4 Nd7 18. Qc2 Rb8 19. Rfb1 Ne5 20. Nxe5 Bxe5 21. Qe2
Bxc3 22. bxc3 Rxb1+ 23. Rxb1 Qxa5 24. Qd3 Qa4 25. e4 f5 26. e5 f4 27. e6 f3 28.
g3 a5 29. h3 Kg7 30. Kh2 Kg8 31. Bb3 Qa3 32. Qc4 Kg7 33. Bc2 h6 34. h4 h5 35.
Qd3 Rf5 36. Rg1 1-0

[Event "MCRE_PF17"]
[Site "?"]
[Date "2004.??.??"]
[Round "?"]
[White "Kubikova, Hana"]
[Black "Struzka, Vlastimil"]
[Result "1-0"]
[WhiteElo "2160"]
[BlackElo "2128"]
[PlyCount "109"]
[EventDate "2004.??.??"]
[EventType "corr"]
[EventRounds "2"]
[SourceDate "2005.03.12"]

1. d4 Nf6 2. c4 e6 3. Nf3 d5 4. Bg5 Be7 5. Nc3 O-O 6. e3 Nc6 7. Rc1 h6 8. Bh4
Re8 9. Be2 Ne4 10. Bxe7 Nxe7 11. Qc2 Nxc3 12. Qxc3 c6 13. O-O Nf5 14. Bd3 Nh4
15. Nxh4 Qxh4 16. f4 Bd7 17. a4 Reb8 18. a5 b6 19. b4 Rc8 20. Ra1 b5 21. c5 f5
22. Rf3 Qf6 23. Rh3 Rf8 24. Qe1 Rad8 25. Be2 Kh7 26. Rd1 Qe7 27. Qg3 Be8 28.
Rf1 Bf7 29. Qe1 Rg8 30. Bd3 Qf6 31. g4 Bg6 32. g5 Qe7 33. Kh1 a6 34. Rg1 h5 35.
Be2 Rh8 36. Qd1 Kg8 37. Rh4 Kf7 38. Rg3 Ke8 39. Rgh3 Kd7 40. Bxh5 Bxh5 41. Rxh5
Rhg8 42. Rh7 Kc8 43. Qh5 Qd7 44. Qg6 Rdf8 45. Rg3 Re8 46. h4 Re7 47. h5 Rf7 48.
h6 Kb7 49. Kg2 Re7 50. Rh3 Ka7 51. Rxg7 Rexg7 52. hxg7 Rxg7 53. Qf6 Rf7 54. Qe5
Rg7 55. Rh8 1-0

[Event "MCRE_PF17"]
[Site "?"]
[Date "2004.??.??"]
[Round "?"]
[White "Nigrin, Jiri"]
[Black "Kohler, Josef"]
[Result "1/2-1/2"]
[WhiteElo "2104"]
[BlackElo "2230"]
[PlyCount "93"]
[EventDate "2004.??.??"]
[EventType "corr"]
[EventRounds "2"]
[SourceDate "2005.03.12"]

1. e4 c5 2. f4 Nc6 3. Nf3 d6 4. Nc3 g6 5. Bc4 Bg7 6. d3 e6 7. f5 Nge7 8. fxe6
fxe6 9. O-O O-O 10. Ng5 Nd4 11. a3 Bd7 12. Rxf8+ Qxf8 13. a4 h6 14. Nh3 Kh7 15.
Be3 d5 16. Ba2 Nec6 17. exd5 Nb4 18. dxe6 Ndxc2 19. exd7 Nxe3 20. Qe2 Qe7 21.
Nf2 Nbc2 22. Rc1 Nd4 23. Qd2 Qg5 24. Nfe4 Nf3+ 25. Kh1 Nxd2 26. Nxg5+ hxg5 27.
Re1 Rf8 28. d8=R Rxd8 29. Rxe3 g4 30. g3 Kh6 31. Bf7 b6 32. Kg2 Bd4 33. Re8
Rxe8 34. Bxe8 Nf3 35. Bb5 Ne1+ 36. Kf1 Nc2 37. Bd7 Kh5 38. Be8 Ne3+ 39. Ke2 Nf5
40. Bd7 Be5 41. a5 bxa5 42. Ne4 Nd4+ 43. Ke3 Nf3 44. Bxg4+ Kxg4 45. h3+ Kxh3
46. Kxf3 Bxb2 47. Nxc5 1/2-1/2

[Event "MCRE_PF17"]
[Site "?"]
[Date "2004.??.??"]
[Round "?"]
[White "Mezera, Lukas"]
[Black "Kohler, Josef"]
[Result "1-0"]
[WhiteElo "2258"]
[BlackElo "2230"]
[PlyCount "61"]
[EventDate "2004.??.??"]
[EventType "corr"]
[EventRounds "2"]
[SourceDate "2005.03.12"]

1. e4 c5 2. Nf3 Nc6 3. d4 cxd4 4. Nxd4 Nf6 5. Nc3 d6 6. Bc4 e6 7. Be3 Be7 8.
Qe2 a6 9. O-O-O Qc7 10. Bb3 O-O 11. Rhg1 Nd7 12. g4 Nc5 13. Nf5 b5 14. Bd5 Bb7
15. g5 Rfc8 16. Rg3 Bf8 17. Qh5 g6 18. Qh4 b4 19. Bxc5 dxc5 20. Bxc6 Bxc6 21.
Nh6+ Bxh6 22. gxh6 f5 23. exf5 bxc3 24. fxg6 Rf8 25. gxh7+ Kh8 26. Kb1 Qb7 27.
b3 Be4 28. Qg5 Bxc2+ 29. Kxc2 Rxf2+ 30. Kc1 Qxh7 31. Qe5+ 1-0

[Event "MCRE_PF17"]
[Site "?"]
[Date "2004.??.??"]
[Round "?"]
[White "Kubikova, Hana"]
[Black "Kohler, Josef"]
[Result "0-1"]
[WhiteElo "2160"]
[BlackElo "2230"]
[PlyCount "100"]
[EventDate "2004.??.??"]
[EventType "corr"]
[EventRounds "2"]
[SourceDate "2005.03.12"]

1. e4 c5 2. Nf3 d6 3. d4 cxd4 4. Nxd4 Nf6 5. Nc3 a6 6. Bg5 e6 7. f4 Be7 8. Qf3
Qc7 9. O-O-O Nbd7 10. g4 b5 11. Bxf6 Nxf6 12. g5 Nd7 13. f5 Bxg5+ 14. Kb1 Ne5
15. Qh5 Qd8 16. h4 Bf6 17. fxe6 O-O 18. Bh3 fxe6 19. Bxe6+ Kh8 20. Nd5 Nc4 21.
Nf4 Qe8 22. Qxe8 Rxe8 23. Bd5 Ra7 24. h5 Bg5 25. Nfe6 Bf6 26. h6 g6 27. Rhf1
Bxd4 28. Rxd4 Ne3 29. Re1 Ng4 30. Ng5 Nxh6 31. Bb3 Kg7 32. Rxd6 Nf5 33. Rdd1
Ng3 34. Re3 Nh5 35. Rf3 Bg4 36. Rff1 Rae7 37. Rf7+ Rxf7 38. Nxf7 Ng3 39. Nd6
Re5 40. Kc1 h5 41. Kd2 Kf6 42. Ke3 h4 43. Kf4 Bd7 44. c3 g5+ 45. Kf3 g4+ 46.
Ke3 h3 47. Kf2 Nh5 48. Nf7 g3+ 49. Kf3 Re8 50. Bd5 g2 0-1

[Event "MCRE_PF17"]
[Site "?"]
[Date "2004.??.??"]
[Round "?"]
[White "Struzka, Vlastimil"]
[Black "Nigrin, Jiri"]
[Result "1-0"]
[WhiteElo "2128"]
[BlackElo "2104"]
[PlyCount "93"]
[EventDate "2004.??.??"]
[EventType "corr"]
[EventRounds "2"]
[SourceDate "2005.03.12"]

1. d4 Nf6 2. Nf3 g6 3. Bf4 Bg7 4. e3 d6 5. Nc3 O-O 6. e4 b6 7. Qd2 Bb7 8. Bd3
Nbd7 9. O-O Rc8 10. Bh6 c5 11. Bxg7 Kxg7 12. d5 c4 13. Be2 Nc5 14. Qe3 b5 15.
a3 e6 16. Nxb5 Ncxe4 17. dxe6 fxe6 18. Nfd4 Qd7 19. f3 Nc5 20. Bxc4 Bd5 21.
Rfd1 Bxc4 22. Nxd6 Bd5 23. Nxc8 Qxc8 24. c4 e5 25. Nb5 Bf7 26. Nxa7 Qc7 27. Nb5
Qc8 28. Nd6 Qc6 29. b4 Ncd7 30. c5 Nd5 31. Qe1 Be6 32. a4 Rb8 33. Ne4 Qc7 34.
b5 h6 35. b6 Qc6 36. a5 Ra8 37. a6 N7xb6 38. cxb6 Qxb6+ 39. Qf2 Rxa6 40. Rxa6
Qxa6 41. Qb2 Kh7 42. Qxe5 Qb6+ 43. Kh1 g5 44. Nd6 Qb3 45. Qe4+ Kg7 46. Rb1 Qe3
47. Rb7+ 1-0

[Event "MCRE_PF17"]
[Site "?"]
[Date "2004.??.??"]
[Round "?"]
[White "Glaser, Karel"]
[Black "Mezera, Lukas"]
[Result "1/2-1/2"]
[WhiteElo "2104"]
[BlackElo "2258"]
[PlyCount "66"]
[EventDate "2004.??.??"]
[EventType "corr"]
[EventRounds "2"]
[SourceDate "2005.03.12"]

1. e4 c5 2. Nf3 d6 3. d4 cxd4 4. Nxd4 Nf6 5. Nc3 g6 6. Be2 Bg7 7. O-O O-O 8.
Be3 Nc6 9. Nb3 Be6 10. f4 Qc8 11. Kh1 Rd8 12. Bg1 d5 13. e5 Ne4 14. Bd3 f6 15.
exf6 Nxc3 16. bxc3 Bxf6 17. Nd4 Nxd4 18. Bxd4 Bf5 19. Qf3 Qd7 20. a4 Bxd3 21.
cxd3 Bxd4 22. cxd4 Rac8 23. a5 Rc6 24. Rfe1 b5 25. axb6 axb6 26. Re5 e6 27. Qe3
Rdc8 28. Re1 Qf7 29. g4 Rf8 30. f5 gxf5 31. gxf5 exf5 32. Re7 Qf6 33. Qh3 Qh6
1/2-1/2

[Event "MCRE_PF17"]
[Site "?"]
[Date "2004.??.??"]
[Round "?"]
[White "Struzka, Vlastimil"]
[Black "Mezera, Lukas"]
[Result "1/2-1/2"]
[WhiteElo "2128"]
[BlackElo "2258"]
[PlyCount "70"]
[EventDate "2004.??.??"]
[EventType "corr"]
[EventRounds "2"]
[SourceDate "2005.03.12"]

1. d4 Nf6 2. Nf3 e6 3. Bg5 c5 4. e4 Qb6 5. Nc3 cxd4 6. Nxd4 Bc5 7. Bxf6 gxf6 8.
Na4 Qa5+ 9. c3 Be7 10. Bd3 Rg8 11. O-O Qg5 12. g3 b6 13. Qe2 Bb7 14. Nb5 Na6
15. Rad1 Qf4 16. b4 Qb8 17. f4 Rg7 18. Bc4 Nc7 19. e5 Bc6 20. exf6 Bxf6 21.
Nd6+ Kf8 22. b5 Bd5 23. f5 Qd8 24. Bb3 Qe7 25. fxe6 dxe6 26. Nf5 exf5 27. Qxe7+
Bxe7 28. Bxd5 Rd8 29. Bc6 Rxd1 30. Rxd1 Rg4 31. Rd7 Rxa4 32. Rxc7 Rxa2 33. Bd5
Rd2 34. c4 Ra2 35. Kh1 h5 1/2-1/2

[Event "MCRE_PF17"]
[Site "?"]
[Date "2004.??.??"]
[Round "?"]
[White "Kohler, Josef"]
[Black "Mezera, Lukas"]
[Result "1/2-1/2"]
[WhiteElo "2230"]
[BlackElo "2258"]
[PlyCount "80"]
[EventDate "2004.??.??"]
[EventType "corr"]
[EventRounds "2"]
[SourceDate "2005.03.12"]

1. c4 Nf6 2. Nf3 c5 3. Nc3 b6 4. e4 d6 5. d4 cxd4 6. Nxd4 Bb7 7. Qe2 Nbd7 8. g3
Rc8 9. Bg2 Qc7 10. b3 e6 11. Bb2 Be7 12. O-O a6 13. f4 O-O 14. g4 Nb8 15. g5
Ne8 16. Bh3 Nd7 17. f5 exf5 18. Bxf5 Ra8 19. Qf2 Nc5 20. Nd5 Bxd5 21. exd5 g6
22. Bxg6 fxg6 23. Qe3 Ng7 24. Nc6 Rxf1+ 25. Rxf1 Bf8 26. Bxg7 Qxg7 27. b4 Na4
28. Qe6+ Kh8 29. Rf6 a5 30. a3 axb4 31. axb4 Qg8 32. Rf7 Nc3 33. Ne7 Bxe7 34.
Qxe7 Ne4 35. c5 bxc5 36. bxc5 Ra1+ 37. Kg2 Re1 38. cxd6 Re2+ 39. Kg1 Re1+ 40.
Kg2 Re2+ 1/2-1/2

[Event "MCRE_PF17"]
[Site "?"]
[Date "2004.??.??"]
[Round "?"]
[White "Nigrin, Jiri"]
[Black "Mezera, Lukas"]
[Result "0-1"]
[WhiteElo "2104"]
[BlackElo "2258"]
[PlyCount "82"]
[EventDate "2004.??.??"]
[EventType "corr"]
[EventRounds "2"]
[SourceDate "2005.03.12"]

1. d4 Nf6 2. c4 e6 3. Nf3 c5 4. d5 exd5 5. cxd5 d6 6. Nc3 g6 7. e4 Bg7 8. Be2
O-O 9. O-O Na6 10. Bxa6 bxa6 11. Re1 Re8 12. Qc2 Rb8 13. Bf4 Nh5 14. Bg5 f6 15.
Be3 f5 16. Bg5 Qc7 17. exf5 Bxf5 18. Rxe8+ Rxe8 19. Qa4 Qb8 20. Re1 Rxe1+ 21.
Nxe1 Nf6 22. Bc1 Qe8 23. Qxe8+ Nxe8 24. h3 Bxc3 25. bxc3 Be4 26. a3 Bxd5 27.
Bf4 Kf7 28. f3 Ke6 29. Nd3 Bb3 30. Kf2 Kd5 31. Nb2 Nc7 32. a4 a5 33. Bg5 Na8
34. Bd8 Nb6 35. h4 Kc6 36. g4 Kd7 37. Bxb6 axb6 38. Ke3 b5 39. axb5 a4 40. Nd3
a3 41. Nc1 Bc4 0-1

[Event "MCRE_PF17"]
[Site "?"]
[Date "2004.??.??"]
[Round "?"]
[White "Mikoska, Josef"]
[Black "Nigrin, Jiri"]
[Result "1-0"]
[WhiteElo "2111"]
[BlackElo "2104"]
[PlyCount "77"]
[EventDate "2004.??.??"]
[EventType "corr"]
[EventRounds "2"]
[SourceDate "2005.03.12"]

1. e4 c5 2. b3 Nc6 3. Bb2 d6 4. f4 Nf6 5. Nf3 e6 6. Nc3 Be7 7. Bb5 Bd7 8. e5
dxe5 9. fxe5 Ng4 10. Qe2 Qc7 11. Nd1 O-O-O 12. O-O Kb8 13. Nf2 Nxf2 14. Rxf2 f5
15. exf6 Bxf6 16. Bxf6 gxf6 17. Bxc6 Qxc6 18. Raf1 Rhe8 19. Ne1 f5 20. Nf3 e5
21. Nxe5 Qd6 22. Nxd7+ Qxd7 23. Qh5 Re5 24. Rxf5 Rxf5 25. Qxf5 Qxf5 26. Rxf5
Rxd2 27. Rxc5 b6 28. Rc4 b5 29. Rc5 a6 30. a4 bxa4 31. bxa4 Kb7 32. a5 Rd7 33.
h4 Rd6 34. Kf2 h6 35. g4 Rd4 36. Kf3 Ra4 37. c3 Ra1 38. g5 hxg5 39. hxg5 1-0

[Event "MCRE_PF17"]
[Site "?"]
[Date "2004.??.??"]
[Round "?"]
[White "Mikoska, Josef"]
[Black "Kohler, Josef"]
[Result "1-0"]
[WhiteElo "2111"]
[BlackElo "2230"]
[PlyCount "79"]
[EventDate "2004.??.??"]
[EventType "corr"]
[EventRounds "2"]
[SourceDate "2005.03.12"]

1. e4 c5 2. b3 d6 3. f4 Nc6 4. Nf3 Nf6 5. d3 g6 6. Be2 Bg7 7. Bb2 O-O 8. O-O d5
9. Nbd2 d4 10. Nc4 Nd7 11. a4 Nb6 12. Nce5 Nxe5 13. Nxe5 Nd7 14. Nc4 Nb6 15.
Nd2 a5 16. Qe1 f5 17. Bf3 Qc7 18. e5 Be6 19. Nc4 Nd5 20. Qg3 Bh6 21. Qh4 Bg7
22. Rae1 Rae8 23. Qg5 Rb8 24. Rf2 Nb4 25. h4 Kh8 26. h5 gxh5 27. Qxh5 b6 28. g3
Bf7 29. Qh4 Bd5 30. Bxd5 Nxd5 31. Rh2 h6 32. g4 fxg4 33. Bc1 g3 34. Qxg3 Qc6
35. e6 Rf6 36. Ree2 Rg8 37. Ne5 Qxe6 38. Ng4 Qc8 39. Nxf6 Bxf6 40. Rxh6# 1-0

[Event "MCRE_PF17"]
[Site "?"]
[Date "2004.??.??"]
[Round "?"]
[White "Mikoska, Josef"]
[Black "Kubikova, Hana"]
[Result "1-0"]
[WhiteElo "2111"]
[BlackElo "2160"]
[PlyCount "90"]
[EventDate "2004.??.??"]
[EventType "corr"]
[EventRounds "2"]
[SourceDate "2005.03.12"]

1. e4 c6 2. b3 d5 3. Bb2 dxe4 4. Nc3 Nf6 5. Nge2 Bg4 6. h3 Bh5 7. g4 Bg6 8. Nf4
Qa5 9. h4 e5 10. Nxg6 hxg6 11. g5 Nd5 12. Nxe4 Nd7 13. Qf3 Ba3 14. O-O-O Nf4
15. Kb1 Bxb2 16. Kxb2 Qc7 17. Qe3 Nb6 18. Nc3 O-O-O 19. d4 f6 20. dxe5 Rxd1 21.
Nxd1 fxe5 22. Kb1 Rd8 23. Nb2 Kb8 24. c4 Qe7 25. Bh3 Rd4 26. Rd1 c5 27. Bg4 Qc7
28. Rxd4 cxd4 29. Qe4 Nc8 30. Kc2 Ne7 31. Nd3 Nxd3 32. Kxd3 a6 33. Bf3 Ka7 34.
c5 a5 35. Bg2 Ka6 36. f4 exf4 37. Qe6+ b6 38. c6 Nf5 39. a4 Ka7 40. h5 f3 41.
Bxf3 Nh4 42. Qd7 Kb8 43. Qxc7+ Kxc7 44. Be4 gxh5 45. Kxd4 Kd6 1-0

[Event "MCRE_PF17"]
[Site "?"]
[Date "2004.??.??"]
[Round "?"]
[White "Mikoska, Josef"]
[Black "Struzka, Vlastimil"]
[Result "1-0"]
[WhiteElo "2111"]
[BlackElo "2128"]
[PlyCount "79"]
[EventDate "2004.??.??"]
[EventType "corr"]
[EventRounds "2"]
[SourceDate "2005.03.12"]

1. e4 d6 2. d4 Nf6 3. Nc3 g6 4. f4 Bg7 5. Be2 O-O 6. Nf3 c5 7. d5 Qb6 8. O-O
Nbd7 9. Kh1 Qc7 10. Qe1 Nb6 11. Qh4 Bd7 12. a4 a5 13. Ng5 h6 14. Nf3 Rac8 15.
Bd2 Qd8 16. f5 g5 17. Nxg5 hxg5 18. Bxg5 e5 19. Nb5 Bc6 20. Ra3 Re8 21. Rg3 Kf8
22. dxc6 bxc6 23. Bd2 Ke7 24. Rxg7 Rh8 25. Qg5 cxb5 26. Qg6 Qf8 27. Bg5 Nbd7
28. Bxb5 Rg8 29. Bxd7 Qxg7 30. Qxg7 Rxg7 31. Bxf6+ Kxf6 32. Bxc8 Rg8 33. Ba6
Rg4 34. Bb7 Rg8 35. Rd1 Ke7 36. Rd3 Rb8 37. Rb3 f6 38. Rb5 c4 39. Bd5 Rc8 40.
Rb7+ 1-0

[Event "MCRE_PF17"]
[Site "?"]
[Date "2004.??.??"]
[Round "?"]
[White "Struzka, Vlastimil"]
[Black "Mikoska, Josef"]
[Result "0-1"]
[WhiteElo "2128"]
[BlackElo "2111"]
[PlyCount "136"]
[EventDate "2004.??.??"]
[EventType "corr"]
[EventRounds "2"]
[SourceDate "2005.03.12"]

1. d4 Nf6 2. Nc3 d5 3. Bf4 Bf5 4. e3 e6 5. Bd3 Bxd3 6. cxd3 Bd6 7. Nh3 O-O 8.
O-O c6 9. Qf3 Bxf4 10. Nxf4 Nbd7 11. Qg3 Re8 12. Rfe1 e5 13. dxe5 Nxe5 14. Nce2
Qd7 15. Rac1 Kh8 16. Nd4 h6 17. Nf3 Nxf3+ 18. Qxf3 Qf5 19. h3 a5 20. b3 Re7 21.
a3 Rae8 22. b4 axb4 23. axb4 g5 24. Ne2 Qxf3 25. gxf3 Nd7 26. d4 Nb6 27. b5 Nc4
28. bxc6 bxc6 29. Ng3 Rb8 30. Nf5 Re6 31. Kg2 Kh7 32. e4 Rb4 33. Rcd1 Kg6 34.
Rd3 Nd6 35. Nxd6 Rxd6 36. Red1 Re6 37. Re3 Rb2 38. Rdd3 Rc2 39. Kf1 h5 40. Ke1
Rc4 41. Rd1 Rd6 42. Red3 Rf6 43. Re3 Rc2 44. Rd2 Rxd2 45. Kxd2 dxe4 46. fxe4
Rxf2+ 47. Ke1 Rf4 48. Ke2 g4 49. Kd3 f5 50. exf5+ Rxf5 51. hxg4 hxg4 52. Re6+
Rf6 53. Re5 Kf7 54. Re3 Rg6 55. Rg3 Kf6 56. Ke4 Ke6 57. Rc3 Kd6 58. Rg3 Rg8 59.
Ke3 Kd5 60. Kd3 Rg6 61. Rg2 g3 62. Ke3 Rg7 63. Kd3 Ke6 64. Ke4 Rg4+ 65. Kd3 Kf5
66. Ke3 Kg5 67. Ke2 Kf4 68. Rg1 g2 0-1

[Event "MCRE_PF17"]
[Site "?"]
[Date "2004.??.??"]
[Round "?"]
[White "Mezera, Lukas"]
[Black "Nigrin, Jiri"]
[Result "1-0"]
[WhiteElo "2258"]
[BlackElo "2104"]
[PlyCount "89"]
[EventDate "2004.??.??"]
[EventType "corr"]
[EventRounds "2"]
[SourceDate "2005.03.12"]

1. e4 c5 2. Nf3 Nc6 3. d4 cxd4 4. Nxd4 Nf6 5. Nc3 e5 6. Ndb5 d6 7. Bg5 a6 8.
Na3 b5 9. Bxf6 gxf6 10. Nd5 Bg7 11. c3 f5 12. exf5 Bxf5 13. Nc2 O-O 14. Nce3
Be6 15. Bd3 f5 16. O-O e4 17. Nf4 Bf7 18. Bc2 Be5 19. g3 Bxf4 20. gxf4 Qf6 21.
Bb3 Kh8 22. Kh1 Ne7 23. Bxf7 Rxf7 24. Rg1 b4 25. cxb4 Rd8 26. Nd5 Qxb2 27. Rc1
Nxd5 28. Qxd5 Qf6 29. a4 Rdf8 30. a5 Rd8 31. Rc6 Ra7 32. Rg3 Qa1+ 33. Kg2 Qf6
34. Qc4 h5 35. h4 Kh7 36. Rxa6 Rg7 37. Rg5 Qe7 38. b5 Rd7 39. Ra8 Rc7 40. Qe2
Qf7 41. b6 Re7 42. Kf1 Rxg5 43. hxg5 h4 44. Qb2 Qg7 45. Qxg7+ 1-0

[Event "MCRE_PF17"]
[Site "?"]
[Date "2004.??.??"]
[Round "?"]
[White "Struzka, Vlastimil"]
[Black "Kubikova, Hana"]
[Result "0-1"]
[WhiteElo "2128"]
[BlackElo "2160"]
[PlyCount "112"]
[EventDate "2004.??.??"]
[EventType "corr"]
[EventRounds "2"]
[SourceDate "2005.03.12"]

1. Nf3 Nf6 2. d4 g6 3. Nc3 d5 4. Bf4 Bg7 5. e3 O-O 6. Bd3 c5 7. O-O Nc6 8. dxc5
Qa5 9. Nb5 Bg4 10. Bc7 Qb4 11. a3 Bxf3 12. Qxf3 Qg4 13. Qxg4 Nxg4 14. Be2 Nf6
15. Rad1 Rac8 16. Bf4 Rfd8 17. b4 h6 18. h3 a5 19. bxa5 e5 20. Bh2 Ne4 21. a6
bxa6 22. Nd6 Nxd6 23. cxd6 Rxd6 24. Bxa6 Ra8 25. Bc4 Rad8 26. Bb5 Kf8 27. c4
dxc4 28. Rxd6 Rxd6 29. Bxc4 Na5 30. Bb5 Ke7 31. Bg3 Rd5 32. a4 Rc5 33. Rd1 Nc6
34. Kf1 f5 35. Ke2 Bf6 36. f3 Ke6 37. Be1 e4 38. Ba6 Be5 39. f4 Bc7 40. Bd2 Ba5
41. Rc1 Rxc1 42. Bxc1 Kd5 43. g4 Ne7 44. Bb5 Nc6 45. Bd2 Bb6 46. Be1 h5 47.
gxh5 gxh5 48. Bc3 Kd6 49. Ba6 Kd7 50. h4 Bd8 51. Be1 Na5 52. Kf1 Bb6 53. Be2
Nb7 54. Kf2 Ke6 55. Bxh5 Nc5 56. Bb4 Nd3+ 0-1

[Event "MCRE_PF17"]
[Site "?"]
[Date "2004.??.??"]
[Round "?"]
[White "Nigrin, Jiri"]
[Black "Kubikova, Hana"]
[Result "0-1"]
[WhiteElo "2104"]
[BlackElo "2160"]
[PlyCount "122"]
[EventDate "2004.??.??"]
[EventType "corr"]
[EventRounds "2"]
[SourceDate "2005.03.12"]

1. e4 c5 2. f4 d5 3. exd5 Nf6 4. Nc3 Nxd5 5. Nf3 Nxc3 6. bxc3 g6 7. Bb5+ Bd7 8.
Qe2 Bg7 9. Ne5 O-O 10. Nxd7 Nxd7 11. O-O a6 12. Bd3 e6 13. a4 Qa5 14. Ba3 Rab8
15. g4 Qc7 16. g5 Rfd8 17. Be4 Nb6 18. a5 Nd5 19. Qf2 Rbc8 20. Bb2 c4 21. Bc1
Rd7 22. Kh1 Re8 23. Qh4 Ne7 24. Ra4 Nf5 25. Qf2 h6 26. Qe2 Rc8 27. Qg4 Qd8 28.
Qg1 Bf8 29. gxh6 Bxh6 30. Qg2 Nd6 31. f5 Nxf5 32. d4 Bxc1 33. Rxc1 Qh4 34. Bxb7
Ne3 35. Qe2 Rxb7 36. Qxe3 Rb2 37. Qg3 Qe4+ 38. Kg1 Kg7 39. Qf2 Rb5 40. Qg3 Rh8
41. Re1 Qxc2 42. Rxc4 Rxh2 43. Qxh2 Rg5+ 44. Kh1 Qd3 45. Rg1 Qf3+ 46. Rg2 Rxa5
47. Rc5 Ra1+ 48. Qg1 Rxg1+ 49. Kxg1 f5 50. Rf2 Qg3+ 51. Rg2 Qe1+ 52. Kh2 Kf6
53. Rc8 g5 54. Rc5 g4 55. Re5 Qxc3 56. Rge2 Qxd4 57. Rxe6+ Kg5 58. Kg2 a5 59.
Re1 a4 60. Re8 Qd5+ 61. Kh2 a3 0-1

[Event "MCRE_PF17"]
[Site "?"]
[Date "2004.??.??"]
[Round "?"]
[White "Mezera, Lukas"]
[Black "Jarabinsky, Martin"]
[Result "1-0"]
[WhiteElo "2258"]
[BlackElo "2127"]
[PlyCount "79"]
[EventDate "2004.??.??"]
[EventType "corr"]
[EventRounds "2"]
[SourceDate "2005.03.12"]

1. e4 c5 2. Nf3 e6 3. d4 cxd4 4. Nxd4 a6 5. c4 Nf6 6. Nc3 Bb4 7. Bd3 Nc6 8.
Nxc6 dxc6 9. e5 Nd7 10. f4 Nc5 11. Bc2 Qxd1+ 12. Kxd1 b5 13. Ne4 Nxe4 14. Bxe4
Bb7 15. Be3 O-O-O+ 16. Ke2 f5 17. exf6 gxf6 18. Rhc1 Kb8 19. c5 f5 20. Bf3 Rd7
21. Rd1 Rhd8 22. Rxd7 Rxd7 23. g4 Ba5 24. Rg1 Rf7 25. Bd4 Bc7 26. Ke3 Re7 27.
g5 e5 28. fxe5 Bxe5 29. Bxe5+ Rxe5+ 30. Kd4 Re8 31. h4 Kc7 32. h5 Kd7 33. g6
hxg6 34. hxg6 Ke6 35. Re1+ Kd7 36. Rxe8 Kxe8 37. Ke5 Ke7 38. Kxf5 Bc8+ 39. Ke5
Bd7 40. b4 1-0

[Event "MCRE_PF17"]
[Site "?"]
[Date "2004.??.??"]
[Round "?"]
[White "Mikoska, Josef"]
[Black "Mezera, Lukas"]
[Result "1/2-1/2"]
[WhiteElo "2111"]
[BlackElo "2258"]
[PlyCount "93"]
[EventDate "2004.??.??"]
[EventType "corr"]
[EventRounds "2"]
[SourceDate "2005.03.12"]

1. e4 c5 2. b3 Nc6 3. Bb2 e5 4. Bb5 Nge7 5. Ne2 a6 6. Bxc6 Nxc6 7. Nbc3 d6 8.
O-O Be7 9. f4 O-O 10. Nd5 f5 11. fxe5 dxe5 12. Nxe7+ Qxe7 13. exf5 Bxf5 14. Ng3
Bg6 15. d3 Nd4 16. Qd2 Rad8 17. Rxf8+ Rxf8 18. Re1 Qf6 19. Rf1 Qd8 20. Rxf8+
Qxf8 21. Bxd4 exd4 22. Qg5 b6 23. h4 Qf6 24. Qxf6 gxf6 25. Kf2 h5 26. Kf3 Kf7
27. Ne2 Bf5 28. Nf4 Bg4+ 29. Ke4 Bd1 30. Kd5 Bxc2 31. Kc6 Ke7 32. Kxb6 Kd6 33.
Kxa6 Bb1 34. a4 Bc2 35. Kb5 Bxb3 36. a5 c4 37. dxc4 Bc2 38. Kb4 Ke5 39. g3 Be4
40. a6 Ba8 41. Kc5 Ke4 42. Kb5 Ke5 43. Kb6 Be4 44. a7 Ba8 45. Kc7 d3 46. Nxd3+
Kd4 47. Kb8 1/2-1/2

[Event "MCRE_PF17"]
[Site "?"]
[Date "2004.??.??"]
[Round "?"]
[White "Mezera, Lukas"]
[Black "Glaser, Karel"]
[Result "1/2-1/2"]
[WhiteElo "2258"]
[BlackElo "2104"]
[PlyCount "100"]
[EventDate "2004.??.??"]
[EventType "corr"]
[EventRounds "2"]
[SourceDate "2005.03.12"]

1. e4 e5 2. Nf3 Nc6 3. Bb5 a6 4. Ba4 Nf6 5. O-O Be7 6. Re1 b5 7. Bb3 O-O 8. c3
d6 9. h3 Na5 10. Bc2 c5 11. d4 Qc7 12. Nbd2 Bd7 13. Nf1 Rfe8 14. Ne3 g6 15.
dxe5 dxe5 16. Nh2 Rad8 17. Qf3 Be6 18. Nhg4 Nxg4 19. hxg4 Nc4 20. Nd5 Bxd5 21.
exd5 Nb6 22. Rd1 Rd6 23. b3 Rc8 24. Be4 Qd8 25. a4 bxa4 26. bxa4 Bg5 27. a5 Nd7
28. c4 Bxc1 29. Rdxc1 Qh4 30. g3 Qg5 31. Rcb1 Nf6 32. Rb7 Rf8 33. Qe2 Nxg4 34.
Re1 Re8 35. Bf3 Nh6 36. Qb2 Rdd8 37. Bg2 Ng4 38. Bh3 h5 39. Qc3 h4 40. gxh4
Qxh4 41. Qg3 Qxg3+ 42. fxg3 Nf6 43. Rc7 Nh5 44. Re3 f5 45. Rxc5 Rc8 46. Rxc8
Rxc8 47. Rxe5 Rxc4 48. Re6 Kf7 49. Rxa6 Nxg3 50. Ra8 Ne2+ 1/2-1/2